000 00457nam a22001817a 4500
003 NUST - PNEC
005 20170116180902.0
008 150901b xxu||||| |||| 00| 0 eng d
020 _a0471029653
040 _cLIBRARY
082 _2620.103 SMI
100 _96402
_aSmith, Charles Edward
245 _aApplied Mechanics Statics
_cCharles Edward Smith
250 _a2nd ed
260 _cc1976.
650 _96405
_aMechanics, Applied
942 _2ddc
_cBK
999 _c64981
_d64981